Musical By Haiku Quiz Stats

 Plays Quiz Updated Feb 25, 2019

Score 0/22 Timer 08:00
1 Play Today
Plot Haiku Musical % Correct
Red-haired orphan girl / Warms a billionaire's cold heart / And he adopts herAnnie
95.4%
New York version of / Romeo and Juliet / With dancing street gangsWest Side Story
92.3%
Biblical story / That ends in crucifixion / Told via rock songsJesus Christ Superstar
87.9%
Sweet girl with green skin / Has a hard time making friends / Even with munchkinsWicked
87.9%
Roommates need more cash / Stripper junkie falls in love / Drag queen dies from AIDSRent
83%
Two show-biz scammers / Try to fund an awful show / But people love itThe Producers
81.1%
Ruler of Siam / Hires tutor for his children / In the end, he diesThe King and I
75.4%
Russian family / Sticks to Jewish traditions / Daughters get marriedFiddler on the Roof
75.4%
Puppets learn lessons / About life in the real world / And sing about pornAvenue Q
68.8%
Guy commits murder / Woman hides body in pies / It's great for businessSweeney Todd
68.3%
Cowboy loves farmgirl / Protects her from crazed farmer / And then marries herOklahoma!
67%
Plot Haiku Musical % Correct
Big group of hippies / Protest the Vietnam War / Drugs and sex ensueHair
64%
Two men make a bet / One takes a girl to Cuba / And wins a craps gameGuys and Dolls
52.1%
German night club with / Strippers and Nazis galore / Hosts a young writerCabaret
46.5%
Gay couple raises son / They meet his future in-laws / It's drag explosionLa Cage aux Folles
43.7%
City with a drought / Outlaws all private toilets / Prepare for revoltUrinetown
43.5%
Teens learn about sex / One girl gets pregnant and dies / Oh God, what a b****!Spring Awakening
41.8%
Nubian princess / Loves an Egyptian captain / They're buried aliveAida
38.9%
A reporter finds / Brothel in the Lone Star State / And has it shut downThe Best Little Whorehouse in Texas
38.6%
Tap dancing flapper / Gets job as stenographer / And stops kidnappersThoroughly Modern Millie
28.5%
People on a boat / Worship famous criminal / But he's a phonyAnything Goes
19.1%
Thirty-fifth birthday / Brings group of friends together / Marriage is discussedCompany
17.5%

You're not logged in!

Compare scores with friends on all Sporcle quizzes.
OR
Log In

Sporcle TV

Today on Sporcle TV


Watch our educational content, quiz creation guides, and fun videos on Sporcle TV.

Show Comments

Extras

Top Quizzes Today


Score Distribution

Your Account Isn't Verified!

In order to create a playlist on Sporcle, you need to verify the email address you used during registration. Go to your Sporcle Settings to finish the process.

Report this User

Report this user for behavior that violates our Community Guidelines.

Details: